[Event "DVM U14 2021"]
[Site "Willingen GER"]
[Date "2022.08.14"]
[Round "3"]
[White "Ehrig, Leon Chris"]
[Black "Bade, Deniz"]
[Result "1-0"]
[Termination "normal"]
[Board "8.1"]
[WhiteElo "1832"]
[BlackElo "1462"]
[WhiteClock "00:05:21"]
[BlackClock "00:17:47"]
[WhiteTeam "USG Chemnitz"]
[BlackTeam "SchachAkademiePaderborn"]
[PlyCount "49"]
[WhiteFideId "16244796"]
[BlackFideId "34605959"]
[EventCountry "GER"]
[EventRounds "7"]
[EventType "team-swiss"]
[EventDate "2022.08.12"]

1. e4 {[%clk 01:30:31]} {[%emt 00:00:24]} c6 {[%clk 01:29:50]} 2. Nc3 {[%clk
01:30:16]} d5 {[%clk 01:30:14]} 3. Qe2 {[%clk 01:30:15]} d4 {[%clk 01:29:36]}
4. Nd1 {[%clk 01:30:04]} e5 {[%clk 01:29:38]} 5. d3 {[%clk 01:30:17]} Bd6
{[%clk 01:29:35]} 6. g3 {[%clk 01:30:23]} c5 {[%clk 01:28:45]} 7. Bg2 {[%clk
01:30:04]} Nc6 {[%clk 01:22:50]} 8. a3 {[%clk 01:25:38]} Qc7 {[%clk 01:21:49]}
9. Nf3 {[%clk 01:20:40]} Bd7 {[%clk 01:19:58]} 10. O-O {[%clk 01:20:00]} f6
{[%clk 01:18:42]} 11. Nh4 {[%clk 01:19:08]} O-O-O {[%clk 01:16:22]} 12. Nf5
{[%clk 01:17:22]} g6 {[%clk 01:15:21]} 13. Nxd6+ {[%clk 01:17:39]} Qxd6 {[%clk
01:14:30]} 14. b4 {[%clk 01:15:31]} cxb4 {[%clk 01:14:30]} 15. axb4 {[%clk
01:15:02]} Qxb4 {[%clk 01:13:46]} 16. Ba3 {[%clk 01:13:07]} Qb6 {[%clk
01:13:24]} 17. Nb2 {[%clk 01:02:20]} Qc7 {[%clk 01:02:56]} 18. Rfb1 {[%clk
00:55:47]} Kb8 {[%clk 01:01:06]} 19. Na4 {[%clk 00:48:36]} Bc8 {[%clk
00:39:20]} 20. Bc5 {[%clk 00:41:08]} h5 {[%clk 00:38:44]} 21. h3 {[%clk
00:24:16]} Nge7 {[%clk 00:35:26]} 22. c4 {[%clk 00:15:14]} Na5 {[%clk
00:29:50]} 23. Qd2 {[%clk 00:12:45]} Nec6 {[%clk 00:21:51]} 24. Nb6 {[%clk
00:05:21]} Be6 {[%clk 00:17:47]} 25. Nd5 {[%emt 03:02:39]} 1-0

[Event "DVM U14 2021"]
[Site "Willingen GER"]
[Date "2022.08.14"]
[Round "3"]
[White "Rudolph, Alexander"]
[Black "Stiehl, Richard"]
[Result "1-0"]
[Termination "normal"]
[Board "9.4"]
[WhiteElo "1417"]
[BlackElo "1272"]
[WhiteClock "00:55:19"]
[BlackClock "00:30:30"]
[WhiteTeam "SK Tarrasch 1945 München"]
[BlackTeam "SV Multatuli Ingelheim"]
[PlyCount "82"]
[WhiteFideId "16275748"]
[BlackFideId "16298063"]
[EventCountry "GER"]
[EventRounds "7"]
[EventType "team-swiss"]
[EventDate "2022.08.12"]

1. e4 {[%clk 01:30:30]} {[%emt 00:00:29]} e5 {[%clk 01:30:56]} {[%emt
00:00:04]} 2. Nf3 {[%clk 01:30:00]} {[%emt 00:01:00]} Nc6 {[%clk 01:31:20]}
{[%emt 00:00:07]} 3. Bc4 {[%clk 01:29:31]} {[%emt 00:00:59]} Bc5 {[%clk
01:31:44]} {[%emt 00:00:05]} 4. d3 {[%clk 01:29:31]} {[%emt 00:00:30]} d6
{[%clk 01:30:32]} {[%emt 00:01:42]} 5. Nbd2 {[%clk 01:29:24]} {[%emt 00:00:37]}
Nf6 {[%clk 01:30:28]} {[%emt 00:00:34]} 6. c3 {[%clk 01:29:43]} {[%emt
00:00:11]} Bg4 {[%clk 01:28:29]} {[%emt 00:02:30]} 7. O-O {[%emt 00:01:49]} O-O
{[%clk 01:28:33]} {[%emt 00:00:24]} 8. h3 {[%clk 01:28:47]} {[%emt 00:00:09]}
Be6 {[%clk 01:28:40]} {[%emt 00:00:23]} 9. Re1 {[%clk 01:28:42]} {[%emt
00:00:35]} Re8 {[%clk 01:21:25]} {[%emt 00:07:45]} 10. Nf1 {[%clk 01:27:10]}
{[%emt 00:02:02]} Bxc4 {[%clk 01:20:08]} {[%emt 00:01:48]} 11. dxc4 {[%clk
01:27:31]} {[%emt 00:00:07]} h6 {[%clk 01:20:14]} {[%emt 00:00:24]} 12. Ng3
{[%clk 01:26:34]} {[%emt 00:01:27]} a6 {[%clk 01:17:13]} {[%emt 00:03:31]} 13.
Bd2 {[%clk 01:25:00]} {[%emt 00:02:03]} Qd7 {[%clk 01:14:55]} {[%emt 00:02:49]}
14. Qc1 {[%clk 01:24:42]} {[%emt 00:00:48]} Qe6 {[%clk 01:09:04]} {[%emt
00:06:21]} 15. b3 {[%clk 01:19:49]} {[%emt 00:05:23]} Ne7 {[%clk 01:03:43]}
{[%emt 00:05:51]} 16. Nh4 {[%clk 01:18:42]} {[%emt 00:01:36]} Kh7 {[%clk
00:55:37]} {[%emt 00:08:35]} 17. Nhf5 {[%clk 01:16:44]} {[%emt 00:02:28]} Nfg8
{[%clk 00:53:42]} {[%emt 00:02:25]} 18. b4 {[%clk 01:14:03]} {[%emt 00:03:13]}
Ba7 {[%clk 00:52:25]} {[%emt 00:01:46]} 19. c5 {[%clk 01:13:08]} {[%emt
00:01:25]} dxc5 {[%clk 00:51:25]} {[%emt 00:01:30]} 20. Re3 {[%clk 01:13:29]}
{[%emt 00:00:08]} g6 {[%clk 00:43:32]} {[%emt 00:08:24]} 21. Nh5 {[%clk
01:06:52]} {[%emt 00:07:08]} gxh5 {[%clk 00:34:12]} {[%emt 00:09:50]} 22. Rf3
{[%clk 01:05:13]} {[%emt 00:02:08]} Nxf5 {[%clk 00:32:14]} {[%emt 00:02:28]}
23. Rxf5 {[%clk 01:05:16]} {[%emt 00:00:26]} Qg6 {[%clk 00:31:02]} {[%emt
00:01:41]} 24. Qc2 {[%clk 01:04:27]} {[%emt 00:01:20]} Ne7 {[%clk 00:30:26]}
{[%emt 00:01:06]} 25. Rf3 {[%clk 01:04:37]} {[%emt 00:00:20]} Rg8 {[%clk
00:30:28]} {[%emt 00:00:27]} 26. Rg3 {[%clk 01:04:53]} {[%emt 00:00:15]} Qe6
{[%clk 00:29:37]} {[%emt 00:01:21]} 27. Rf3 {[%clk 01:04:00]} {[%emt 00:01:23]}
cxb4 {[%clk 00:29:27]} {[%emt 00:00:40]} 28. cxb4 {[%clk 01:03:55]} {[%emt
00:00:35]} Qg6 {[%clk 00:29:36]} {[%emt 00:00:20]} 29. g3 {[%clk 01:04:10]}
{[%emt 00:00:15]} h4 {[%clk 00:27:02]} {[%emt 00:03:04]} 30. g4 {[%clk
01:04:32]} {[%emt 00:00:09]} h5 {[%clk 00:26:15]} {[%emt 00:01:17]} 31. g5
{[%clk 01:04:29]} {[%emt 00:00:33]} Rad8 {[%clk 00:22:28]} {[%emt 00:04:16]}
32. Bc1 {[%clk 01:04:24]} {[%emt 00:00:36]} Nc6 {[%clk 00:21:56]} {[%emt
00:01:01]} 33. Qc4 {[%clk 01:04:24]} {[%emt 00:00:30]} Rg7 {[%clk 00:20:03]}
{[%emt 00:02:23]} 34. Kh2 {[%clk 01:04:43]} {[%emt 00:00:11]} Rd4 {[%clk
00:12:26]} {[%emt 00:08:07]} 35. Qf1 {[%clk 01:04:45]} {[%emt 00:00:29]} Rxe4
{[%clk 00:11:05]} {[%emt 00:01:51]} 36. Rf6 {[%clk 01:04:52]} {[%emt 00:00:23]}
Re1 {[%clk 00:08:34]} {[%emt 00:03:01]} 37. Qxe1 {[%clk 01:02:49]} {[%emt
00:02:33]} Qc2 {[%clk 00:08:45]} {[%emt 00:00:19]} 38. Be3 {[%clk 01:00:22]}
{[%emt 00:02:57]} Nd4 {[%clk 00:04:30]} {[%emt 00:04:45]} 39. Qd1 {[%clk
00:57:38]} {[%emt 00:03:15]} Qe4 {[%clk 00:03:29]} {[%emt 00:01:30]} 40. Qxh5+
{[%clk 00:57:00]} {[%emt 00:01:07]} Kg8 {[%clk 00:02:44]} {[%emt 00:01:16]} 41.
Rg1 {[%clk 00:55:19]} {[%emt 00:02:11]} Ne2 {[%clk 00:30:30]} {[%emt 00:02:56]}
1-0

[Event "DVM U14 2021"]
[Site "Willingen GER"]
[Date "2022.08.14"]
[Round "4"]
[White "Reus, Nicholas"]
[Black "Isbilir, Levin"]
[Result "1/2-1/2"]
[Termination "normal"]
[Board "6.1"]
[WhiteElo "1663"]
[BlackElo "1629"]
[WhiteClock "00:04:46"]
[BlackClock "01:00:51"]
[WhiteTeam "Stuttgarter SF 1879"]
[BlackTeam "SC Erlangen 48/88"]
[PlyCount "89"]
[WhiteFideId "34612424"]
[BlackFideId "16267192"]
[EventCountry "GER"]
[EventRounds "7"]
[EventType "team-swiss"]
[EventDate "2022.08.12"]

1. c4 {[%clk 01:30:55]} {[%emt 00:00:01]} e5 {[%clk 01:31:21]} 2. Nc3 {[%clk
01:31:20]} Nc6 {[%clk 01:31:38]} 3. e3 {[%clk 01:31:05]} f5 {[%clk 01:31:47]}
4. d4 {[%clk 01:30:12]} Nf6 {[%clk 01:31:22]} {[%emt 00:03:01]} 5. d5 {[%clk
01:29:57]} Ne7 {[%clk 01:30:54]} 6. Nf3 {[%clk 01:29:39]} d6 {[%clk 01:29:58]}
7. g3 {[%clk 01:29:07]} g6 {[%clk 01:28:51]} 8. Bg2 {[%clk 01:29:06]} Bg7
{[%clk 01:29:01]} 9. O-O {[%clk 01:29:16]} O-O {[%clk 01:28:08]} 10. Re1 {[%clk
01:24:23]} h6 {[%clk 01:25:44]} 11. h4 {[%clk 01:22:16]} Bd7 {[%clk 01:22:07]}
12. Qd2 {[%clk 01:13:57]} Nh5 {[%clk 01:19:58]} 13. Ne2 {[%clk 01:10:28]} Qc8
{[%clk 01:19:10]} 14. Kh2 {[%clk 01:02:43]} Kh7 {[%clk 01:15:48]} 15. Nfg1
{[%clk 00:54:44]} Ng8 {[%clk 01:12:24]} 16. Nh3 {[%clk 00:54:10]} Ngf6 {[%clk
01:05:08]} 17. f4 {[%clk 00:52:30]} Ng4+ {[%clk 01:05:17]} 18. Kg1 {[%clk
00:51:09]} e4 {[%clk 01:04:22]} 19. Rb1 {[%clk 00:46:59]} b5 {[%clk 01:00:21]}
20. b3 {[%clk 00:46:17]} bxc4 {[%clk 01:00:18]} 21. bxc4 {[%clk 00:44:47]} Qa6
{[%clk 00:57:58]} 22. Rb4 {[%clk 00:41:31]} Rfb8 {[%clk 00:57:08]} 23. a3
{[%clk 00:31:13]} Rb6 {[%clk 00:56:18]} 24. Nf2 {[%clk 00:26:45]} Nxf2 {[%clk
00:56:37]} 25. Kxf2 {[%clk 00:26:09]} Nf6 {[%clk 00:53:59]} {[%emt 02:00:13]}
26. Bh3 {[%clk 00:25:42]} Rab8 {[%clk 00:52:52]} 27. Rxb6 {[%clk 00:22:12]}
Rxb6 {[%clk 00:52:45]} 28. Qa2 {[%clk 00:21:10]} Ba4 {[%clk 00:48:04]} 29. Nd4
{[%clk 00:20:24]} Bb3 {[%clk 00:40:24]} 30. Nxb3 {[%clk 00:20:47]} Qxc4 {[%clk
00:33:05]} 31. Rd1 {[%clk 00:19:06]} Qxb3 {[%clk 00:33:21]} 32. Qxb3 {[%clk
00:19:32]} Rxb3 {[%clk 00:32:47]} 33. Bf1 {[%clk 00:18:40]} Ng4+ {[%clk
00:33:04]} 34. Ke2 {[%clk 00:17:11]} Bb2 {[%clk 00:33:24]} 35. Bxb2 {[%clk
00:17:32]} Rxb2+ {[%clk 00:33:46]} 36. Rd2 {[%clk 00:09:02]} Rxd2+ {[%clk
00:34:11]} 37. Kxd2 {[%clk 00:09:06]} Nf6 {[%clk 00:34:30]} 38. Bc4 {[%clk
00:09:03]} Kg7 {[%clk 00:34:37]} 39. a4 {[%clk 00:07:07]} a5 {[%clk 00:34:56]}
40. Ke2 {[%clk 00:07:06]} Kf7 {[%clk 00:34:47]} 41. Ke1 {[%clk 00:07:11]} Ke7
{[%clk 00:34:56]} 42. Ke2 {[%clk 00:06:37]} Kd8 {[%clk 00:34:06]} 43. Ke1
{[%clk 00:30:00]} Kc8 {[%clk 01:01:51]} {[%emt 01:11:36]} 44. Kd2 {[%clk
00:04:50]} Ng4 {[%clk 01:00:51]} 45. Ba6+ {[%clk 00:04:46]} 1/2-1/2

[Event "DVM U14 2021"]
[Site "Willingen GER"]
[Date "2022.08.14"]
[Round "4"]
[White "Peter, Leonard"]
[Black "Lippmann, Niklas A."]
[Result "0-1"]
[Termination "normal"]
[Board "8.4"]
[WhiteElo "1171"]
[BlackElo "1263"]
[WhiteClock "01:13:56"]
[BlackClock "00:27:50"]
[WhiteTeam "SC Ostfildern 1952"]
[BlackTeam "TSG Oberschöneweide"]
[PlyCount "133"]
[WhiteFideId "34630295"]
[BlackFideId "34630244"]
[EventCountry "GER"]
[EventRounds "7"]
[EventType "team-swiss"]
[EventDate "2022.08.12"]

1. d4 {[%clk 01:30:56]} {[%emt 00:00:04]} Nf6 {[%clk 01:30:55]} {[%emt
00:00:07]} 2. c4 {[%clk 01:31:12]} {[%emt 00:00:12]} g6 {[%clk 01:31:21]}
{[%emt 00:00:05]} 3. g3 {[%clk 01:31:33]} {[%emt 00:00:09]} Bg7 {[%clk
01:31:32]} {[%emt 00:00:19]} 4. Bg2 {[%clk 01:31:52]} {[%emt 00:00:09]} O-O
{[%clk 01:31:47]} {[%emt 00:00:16]} 5. Nf3 {[%clk 01:32:16]} {[%emt 00:00:06]}
d6 {[%clk 01:30:34]} {[%emt 00:01:45]} 6. O-O {[%clk 01:31:57]} {[%emt
00:00:48]} c5 {[%clk 01:29:35]} {[%emt 00:01:29]} 7. e3 {[%clk 01:31:33]}
{[%emt 00:00:53]} b6 {[%clk 01:28:48]} {[%emt 00:01:17]} 8. Nc3 {[%clk
01:31:02]} {[%emt 00:01:01]} Bb7 {[%clk 01:28:01]} {[%emt 00:01:18]} 9. b3
{[%clk 01:30:01]} {[%emt 00:01:30]} Nc6 {[%clk 01:24:47]} {[%emt 00:03:44]} 10.
Bb2 {[%clk 01:29:28]} {[%emt 00:01:03]} Qd7 {[%clk 01:19:36]} {[%emt 00:05:42]}
11. Qc2 {[%clk 01:27:43]} {[%emt 00:02:14]} Nb4 {[%clk 01:17:28]} {[%emt
00:02:38]} 12. Qd2 {[%clk 01:26:54]} {[%emt 00:01:18]} Rad8 {[%clk 01:17:19]}
{[%emt 00:00:39]} 13. d5 {[%clk 01:26:48]} {[%emt 00:00:36]} b5 {[%clk
01:14:26]} {[%emt 00:03:25]} 14. a3 {[%clk 01:26:14]} {[%emt 00:01:03]} Na6
{[%clk 01:14:32]} {[%emt 00:00:24]} 15. Nxb5 {[%clk 01:25:43]} {[%emt
00:01:01]} Bxd5 {[%clk 01:11:57]} {[%emt 00:03:05]} 16. Bxf6 {[%clk 01:25:45]}
{[%emt 00:00:27]} Bxf3 {[%clk 01:10:23]} {[%emt 00:02:03]} 17. Bxf3 {[%clk
01:25:31]} {[%emt 00:00:44]} Bxf6 {[%clk 01:10:49]} {[%emt 00:00:07]} 18. Rad1
{[%clk 01:24:06]} {[%emt 00:01:53]} Nb8 {[%clk 01:09:01]} {[%emt 00:02:19]} 19.
Rfe1 {[%clk 01:23:02]} {[%emt 00:01:33]} a6 {[%clk 01:08:21]} {[%emt 00:01:12]}
20. Nc3 {[%clk 01:23:08]} {[%emt 00:00:23]} Nc6 {[%clk 01:07:22]} {[%emt
00:01:31]} 21. Nd5 {[%clk 01:22:41]} {[%emt 00:00:55]} Bg7 {[%clk 01:07:02]}
{[%emt 00:00:50]} 22. Bg2 {[%clk 01:22:00]} {[%emt 00:01:10]} Rb8 {[%clk
01:06:35]} {[%emt 00:00:58]} 23. Rb1 {[%clk 01:21:33]} {[%emt 00:00:56]} e6
{[%clk 01:04:58]} {[%emt 00:02:09]} 24. Nf4 {[%clk 01:20:58]} {[%emt 00:01:04]}
Ne7 {[%clk 01:04:11]} {[%emt 00:01:18]} 25. Red1 {[%clk 01:21:04]} {[%emt
00:00:22]} Rb6 {[%clk 01:00:29]} {[%emt 00:04:14]} 26. a4 {[%clk 01:18:51]}
{[%emt 00:02:43]} Rd8 {[%clk 00:55:40]} {[%emt 00:05:19]} 27. Nd3 {[%clk
01:16:50]} {[%emt 00:02:29]} Qc7 {[%clk 00:52:04]} {[%emt 00:04:08]} 28. Nf4
{[%clk 01:15:33]} {[%emt 00:01:47]} Nf5 {[%clk 00:49:31]} {[%emt 00:03:04]} 29.
Bh3 {[%clk 01:15:22]} {[%emt 00:00:36]} Rb4 {[%clk 00:45:26]} {[%emt 00:04:40]}
30. Bxf5 {[%clk 01:15:31]} {[%emt 00:00:20]} gxf5 {[%clk 00:45:14]} {[%emt
00:00:43]} 31. Kf1 {[%clk 01:13:17]} {[%emt 00:02:43]} Qb7 {[%clk 00:43:55]}
{[%emt 00:01:50]} 32. Kg1 {[%clk 01:13:00]} {[%emt 00:00:46]} Rxb3 {[%clk
00:41:30]} {[%emt 00:02:56]} 33. Rxb3 {[%clk 01:13:17]} {[%emt 00:00:13]} Qxb3
{[%clk 00:41:53]} {[%emt 00:00:08]} 34. Qd3 {[%clk 01:12:32]} {[%emt 00:01:14]}
Qxa4 {[%clk 00:41:21]} {[%emt 00:01:03]} 35. Nh5 {[%clk 01:12:52]} {[%emt
00:00:09]} Bh8 {[%clk 00:39:08]} {[%emt 00:02:44]} 36. e4 {[%clk 01:12:47]}
{[%emt 00:00:31]} fxe4 {[%clk 00:34:03]} {[%emt 00:05:39]} 37. Qd2 {[%clk
01:12:51]} {[%emt 00:00:25]} f6 {[%clk 00:30:22]} {[%emt 00:04:11]} 38. Rf1
{[%clk 01:12:15]} {[%emt 00:01:05]} Qe8 {[%clk 00:29:19]} {[%emt 00:01:33]} 39.
Nf4 {[%clk 01:11:55]} {[%emt 00:00:49]} f5 {[%clk 00:28:51]} {[%emt 00:00:58]}
40. Nxe6 {[%clk 01:10:43]} {[%emt 00:01:43]} Rd7 {[%clk 00:26:23]} {[%emt
00:02:58]} 41. Qg5+ {[%clk 01:10:43]} {[%emt 00:00:30]} Qg6 {[%clk 00:25:50]}
{[%emt 00:01:04]} 42. Qxg6+ {[%clk 01:10:54]} {[%emt 00:00:19]} hxg6 {[%clk
00:26:13]} {[%emt 00:00:07]} 43. Rd1 {[%clk 01:10:39]} {[%emt 00:00:44]} Bd4
{[%clk 00:25:54]} {[%emt 00:00:50]} 44. Nxd4 {[%clk 01:10:42]} {[%emt
00:00:27]} cxd4 {[%clk 00:26:13]} {[%emt 00:00:11]} 45. Rxd4 {[%clk 01:11:01]}
{[%emt 00:00:11]} Kf7 {[%clk 00:26:23]} {[%emt 00:00:21]} 46. Kf1 {[%clk
01:11:10]} {[%emt 00:00:20]} Ke6 {[%clk 00:26:34]} {[%emt 00:00:19]} 47. Ke2
{[%clk 01:11:29]} {[%emt 00:00:10]} Rb7 {[%clk 00:25:40]} {[%emt 00:01:26]} 48.
Rd2 {[%clk 01:11:41]} {[%emt 00:00:17]} Rb4 {[%clk 00:25:46]} {[%emt 00:00:24]}
49. Ra2 {[%clk 01:11:55]} {[%emt 00:00:17]} Rxc4 {[%clk 00:25:56]} {[%emt
00:00:20]} 50. Rxa6 {[%clk 01:12:18]} {[%emt 00:00:06]} Ke5 {[%clk 00:25:56]}
{[%emt 00:00:31]} 51. Ra5+ {[%clk 01:12:26]} {[%emt 00:00:22]} d5 {[%clk
00:26:14]} {[%emt 00:00:12]} 52. Ra2 {[%clk 01:12:36]} {[%emt 00:00:20]} g5
{[%clk 00:26:08]} {[%emt 00:00:35]} 53. Rd2 {[%clk 01:12:45]} {[%emt 00:00:21]}
f4 {[%clk 00:25:33]} {[%emt 00:01:05]} 54. gxf4+ {[%clk 01:12:21]} {[%emt
00:00:54]} gxf4 {[%clk 00:25:53]} {[%emt 00:00:11]} 55. f3 {[%clk 01:12:19]}
{[%emt 00:00:32]} Rc1 {[%clk 00:25:19]} {[%emt 00:01:04]} 56. fxe4 {[%clk
01:12:23]} {[%emt 00:00:25]} dxe4 {[%emt 00:00:08]} 57. Rd1 {[%clk 01:11:57]}
{[%emt 00:00:53]} Rxd1 {[%clk 00:26:03]} {[%emt 00:00:11]} 58. Kxd1 {[%clk
01:11:25]} {[%emt 00:01:01]} Kd4 {[%clk 00:26:26]} {[%emt 00:00:08]} 59. h4
{[%clk 01:11:46]} {[%emt 00:00:08]} Ke5 {[%clk 00:25:47]} {[%emt 00:01:09]} 60.
Kd2 {[%clk 01:12:01]} {[%emt 00:00:15]} Kf5 {[%clk 00:26:15]} {[%emt 00:00:03]}
61. Kc3 {[%clk 01:12:01]} {[%emt 00:00:30]} Kg4 {[%clk 00:26:28]} {[%emt
00:00:17]} 62. Kd4 {[%clk 01:12:25]} {[%emt 00:00:06]} e3 {[%clk 00:26:50]}
{[%emt 00:00:09]} 63. Kd3 {[%clk 01:12:42]} {[%emt 00:00:13]} Kxh4 {[%clk
00:27:14]} {[%emt 00:00:06]} 64. Ke2 {[%clk 01:13:03]} {[%emt 00:00:08]} Kg3
{[%clk 00:27:38]} {[%emt 00:00:06]} 65. Kf1 {[%clk 01:13:26]} {[%emt 00:00:06]}
e2+ {[%clk 00:27:50]} {[%emt 00:00:19]} 66. Kxe2 {[%clk 01:13:48]} {[%emt
00:00:08]} Kg2 {[%emt 00:00:04]} 67. Kd3 {[%clk 01:13:56]} {[%emt 00:00:22]}
0-1

[Event "DVM U14 2021"]
[Site "Willingen GER"]
[Date "2022.08.14"]
[Round "4"]
[White "Gloria, Fabian"]
[Black "Dickel, Karl-Joachim"]
[Result "1/2-1/2"]
[Termination "normal"]
[Board "9.4"]
[WhiteElo "1420"]
[BlackElo "1178"]
[WhiteClock "00:12:36"]
[BlackClock "00:25:33"]
[WhiteTeam "USV Erfurt"]
[BlackTeam "USG Chemnitz"]
[PlyCount "90"]
[WhiteFideId "34630163"]
[BlackFideId "34630120"]
[EventCountry "GER"]
[EventRounds "7"]
[EventType "team-swiss"]
[EventDate "2022.08.12"]

1. e4 {[%clk 01:30:59]} e5 {[%clk 01:30:59]} {[%emt 00:00:01]} 2. Nf3 {[%clk
01:31:21]} {[%emt 00:00:08]} Nc6 {[%clk 01:28:36]} {[%emt 00:02:54]} 3. Bc4
{[%clk 01:31:26]} {[%emt 00:00:24]} Bc5 {[%clk 01:28:28]} {[%emt 00:00:39]} 4.
O-O {[%clk 01:31:48]} {[%emt 00:00:06]} Nf6 {[%clk 01:28:46]} {[%emt 00:00:12]}
5. Re1 {[%clk 01:32:14]} {[%emt 00:00:04]} d6 {[%clk 01:29:14]} {[%emt
00:00:02]} 6. c3 {[%clk 01:32:02]} {[%emt 00:00:43]} O-O {[%clk 01:29:27]}
{[%emt 00:00:16]} 7. d3 {[%clk 01:31:58]} {[%emt 00:00:34]} h6 {[%clk
01:29:43]} {[%emt 00:00:15]} 8. Be3 {[%clk 01:32:22]} {[%emt 00:00:05]} Bxe3
{[%clk 01:29:19]} {[%emt 00:00:55]} 9. Rxe3 {[%clk 01:32:49]} {[%emt 00:00:03]}
Bg4 {[%clk 01:28:54]} {[%emt 00:00:55]} 10. Nbd2 {[%clk 01:33:09]} {[%emt
00:00:09]} Qd7 {[%clk 01:27:03]} {[%emt 00:02:21]} 11. b4 {[%clk 01:32:25]}
{[%emt 00:01:16]} a6 {[%clk 01:26:50]} {[%emt 00:00:43]} 12. a4 {[%clk
01:32:33]} {[%emt 00:00:22]} d5 {[%clk 01:25:43]} {[%emt 00:01:37]} 13. exd5
{[%clk 01:30:25]} {[%emt 00:02:37]} Nxd5 {[%clk 01:25:56]} {[%emt 00:00:18]}
14. Bxd5 {[%clk 01:29:49]} {[%emt 00:01:06]} Qxd5 {[%clk 01:25:55]} {[%emt
00:00:31]} 15. Qc2 {[%clk 01:29:18]} {[%emt 00:01:01]} Rfe8 {[%clk 01:24:49]}
{[%emt 00:01:32]} 16. Rae1 {[%clk 01:26:28]} {[%emt 00:03:23]} Rad8 {[%clk
01:24:27]} {[%emt 00:00:52]} 17. d4 {[%clk 01:17:43]} {[%emt 00:09:16]} f6
{[%clk 01:15:59]} {[%emt 00:08:57]} 18. Qe4 {[%clk 01:08:39]} {[%emt 00:09:34]}
Qd7 {[%clk 01:06:24]} {[%emt 00:10:05]} 19. dxe5 {[%clk 01:03:29]} {[%emt
00:05:40]} fxe5 {[%clk 01:01:42]} {[%emt 00:05:12]} 20. Qc4+ {[%clk 00:59:27]}
{[%emt 00:04:32]} Be6 {[%clk 01:01:03]} {[%emt 00:01:09]} 21. Qe2 {[%clk
00:54:57]} {[%emt 00:05:00]} Bg4 {[%clk 00:59:15]} {[%emt 00:02:19]} 22. Ne4
{[%clk 00:48:04]} {[%emt 00:07:22]} Bxf3 {[%clk 00:56:45]} {[%emt 00:02:58]}
23. Qxf3 {[%clk 00:44:46]} {[%emt 00:03:49]} b6 {[%clk 00:56:37]} {[%emt
00:00:39]} 24. Ng3 {[%clk 00:39:12]} {[%emt 00:06:03]} Rf8 {[%clk 00:53:29]}
{[%emt 00:03:38]} 25. Qh5 {[%clk 00:37:47]} {[%emt 00:01:55]} Qf7 {[%clk
00:53:20]} {[%emt 00:00:39]} 26. Qxf7+ {[%clk 00:36:46]} {[%emt 00:01:31]} Rxf7
{[%clk 00:52:17]} {[%emt 00:00:11]} 27. b5 {[%clk 00:36:36]} {[%emt 00:02:03]}
axb5 {[%clk 00:51:08]} {[%emt 00:01:39]} 28. axb5 {[%clk 00:36:35]} {[%emt
00:00:31]} Na7 {[%clk 00:50:30]} {[%emt 00:01:08]} 29. c4 {[%clk 00:35:07]}
{[%emt 00:01:58]} Rd4 {[%clk 00:49:56]} {[%emt 00:01:04]} 30. Rc3 {[%clk
00:35:07]} {[%emt 00:00:29]} c6 {[%clk 00:48:48]} {[%emt 00:01:38]} 31. Rxe5
{[%clk 00:34:14]} {[%emt 00:01:23]} cxb5 {[%clk 00:48:05]} {[%emt 00:01:14]}
32. cxb5 {[%clk 00:34:19]} {[%emt 00:00:25]} Rb4 {[%clk 00:48:19]} {[%emt
00:00:15]} 33. h3 {[%clk 00:29:30]} {[%emt 00:05:19]} Nxb5 {[%clk 00:47:38]}
{[%emt 00:01:12]} 34. Re8+ {[%clk 00:26:31]} {[%emt 00:03:29]} Rf8 {[%clk
00:46:47]} {[%emt 00:01:21]} 35. Re6 {[%clk 00:25:52]} {[%emt 00:01:08]} Nd4
{[%clk 00:45:22]} {[%emt 00:01:55]} 36. Re4 {[%clk 00:24:02]} {[%emt 00:02:20]}
g6 {[%clk 00:42:50]} {[%emt 00:03:03]} 37. Kh2 {[%clk 00:22:46]} {[%emt
00:01:46]} Rxf2 {[%clk 00:39:50]} {[%emt 00:03:28]} 38. Rd3 {[%clk 00:17:11]}
{[%emt 00:06:06]} Nc2 {[%clk 00:32:30]} {[%emt 00:07:50]} 39. Rxb4 {[%clk
00:13:39]} {[%emt 00:04:03]} Nxb4 {[%clk 00:32:44]} {[%emt 00:00:15]} 40. Rd6
{[%clk 00:14:03]} {[%emt 00:00:06]} Kg7 {[%clk 00:30:13]} {[%emt 00:03:00]} 41.
Rxb6 {[%clk 00:14:02]} {[%emt 00:00:32]} Nd5 {[%clk 00:30:40]} {[%emt
00:00:03]} 42. Rb7+ {[%emt 00:01:39]} Rf7 {[%clk 00:29:43]} 43. Rb5 {[%clk
00:14:01]} {[%emt 00:00:48]} Nf6 {[%clk 00:28:30]} {[%emt 00:01:43]} 44. Rb3
{[%clk 00:13:27]} {[%emt 00:01:05]} h5 {[%clk 00:27:44]} {[%emt 00:01:14]} 45.
Ne2 {[%clk 00:12:36]} {[%emt 00:01:17]} g5 {[%clk 00:25:33]} {[%emt 00:02:47]}
1/2-1/2